000 00316nam a2200133Ia 4500
005 20260328104320.0
008 260328s9999||||xx |||||||||||||| ||und||
100 _aArgan, Giulio Carlo
245 0 _aBrunelleschi /
_cGiulio Carlo Argan
260 _bXarait
300 _a149 p.
650 _aESCULTURA
942 _cBK
999 _c11329
_d11329